[Event "Voronezh op-B 23rd"]
[Site "Voronezh"]
[Date "2019.06.20"]
[Round "9"]
[White "Lebedev, Andrey M"]
[Black "Romanov, Maksim"]
[Result "1/2-1/2"]
[WhiteElo "1444"]
[BlackElo "1670"]
[PlyCount "82"]
[EventDate "2019.06.12"]
[EventType "swiss"]
[EventRounds "9"]
[EventCountry "RUS"]
[SourceTitle "EXT 2020"]
[Source "ChessBase"]
[SourceDate "2019.10.17"]
[SourceVersion "1"]
[SourceVersionDate "2019.10.17"]
[SourceQuality "1"]

1. Nf3 d5 2. d4 Nf6 3. g3 c6 4. Bg2 e6 5. 0-0 Nbd7 6. Nbd2 a6 7. c4 Bb4 8. Qc2 Bxd2 9. Nxd2 0-0 10. b3 Re8 11. Bb2 e5 12. dxe5 Nxe5 13. cxd5 Nxd5 14. Nc4 Nxc4 15. Qxc4 Be6 16. Rfd1 Qe7 17. Qc2 Rad8 18. e3 Qg5 19. h4 Qe7 20. Bd4 f6 21. Be4 g6 22. Bg2 Bf5 23. Qb2 c5 24. Bxd5+ Rxd5 25. Bxf6 Qe4 26. Rxd5 Qxd5 27. Kh2 Qf3 28. Rg1 Qg4 29. Kg2 Qh3+ 30. Kf3 Be4+ 31. Ke2 Qg4+ 32. Kd2 Re6 33. Be5 Re7 34. Qc3 Rd7+ 35. Kc1 Qe6 36. Rd1 Rxd1+ 37. Kxd1 Qd5+ 38. Kc1 Bf3 39. Bh8 Qd7 40. Kb2 Qe7 41. Qf6 Qxf6+ 1/2-1/2

[Event "Voronezh op-B 23rd"]
[Site "Voronezh"]
[Date "2019.06.14"]
[Round "3"]
[White "Gashev, Matvei"]
[Black "Romanov, Maksim"]
[Result "0-1"]
[WhiteElo "1968"]
[BlackElo "1670"]
[PlyCount "103"]
[EventDate "2019.06.12"]
[EventType "swiss"]
[EventRounds "9"]
[EventCountry "RUS"]
[SourceTitle "EXT 2020"]
[Source "ChessBase"]
[SourceDate "2019.10.17"]
[SourceVersion "1"]
[SourceVersionDate "2019.10.17"]
[SourceQuality "1"]

1. d4 Nf6 2. c4 e5 3. dxe5 Ng4 4. Nf3 Nc6 5. Nbd2 Ngxe5 6. e3 Bb4 7. Be2 0-0 8. 0-0 Bxd2 9. Bxd2 d6 10. Bc3 Qe7 11. Qc2 Nxf3+ 12. Bxf3 Ne5 13. Be2 Bd7 14. Bd3 f5 15. b4 Bc6 16. b5 Nf3+ 17. Kh1 Qh4 18. h3 Ne1 19. bxc6 Nxc2 20. cxb7 Rab8 21. Bxc2 Rxb7 22. Bb3 f4 23. Kh2 fxe3 24. fxe3 Rxf1 25. Rxf1 c5 26. Rf4 Qe7 27. e4 Qe6 28. e5 dxe5 29. Re4 Qf5 30. Rxe5 Qf4+ 31. Kg1 Qg3 32. Bb2 Rd7 33. Re8+ Kf7 34. Re2 Qd3 35. Re1 Qd2 36. Rf1+ Kg8 37. Bc1 Qd4+ 38. Kh1 Rf7 39. Re1 Qf2 40. Rg1 Re7 41. Ba3 Re1 42. Rxe1 Qxe1+ 43. Kh2 Qa5 44. Bb2 Qb4 45. Be5 a5 46. Bc2 a4 47. Bd3 Qd2 48. Be4 Qxa2 49. Bd5+ Kh8 50. h4 Qd2 51. h5 Qg5 52. Bd6 0-1